00628cam a22001814a 4500020002800000041000800028082001700036100001900053245004200072250001200114260006000126300001800186650002600204942000700230952009600237952009600333999001700429 a0664227511 (alk. paper) aENG00a220.601bJAS1 aJasper, David.12aA short introduction to hermeneutics  a1st ed. aLouisville, Ky. :bWestminster John Knox Press,cc2004. axii, 148 p. ; aHermeneutics - Bible cBK 00104070aHMIbHMIcGENd2018-11-23l0o220.601 JASp11003939r2026-01-16w2026-01-16yBK 00104070aHMIbHMIcGENd2018-11-23l0o220.601 JASp11003940r2026-01-16w2026-01-16yBK c22541d22541